Normal view
MARC view
Entry Personal Name
001 - CONTROL NUMBER
- control field: 71017
003 - CONTROL NUMBER IDENTIFIER
- control field: OSt
005 - DATE AND TIME OF LATEST TRANSACTION
- control field: 20180304154306.0
008 - FIXED-LENGTH DATA ELEMENTS
- fixed length control field: 180304|| aca||aabn | a|a d
040 ## - CATALOGING SOURCE
- Original cataloging agency: OSt
- Transcribing agency: OSt
100 ## - HEADING--PERSONAL NAME
- Personal name: सक्सेना , रमेश
670 ## - SOURCE DATA FOUND
- Source citation: Work cat.: (OSt)18132: सक्सेना , रमेश, खेल नंबरों का, 2003









